INTERNATIONAL HUMAN RESOURCE MANAGEMENT (Record no. 15641)

MARC details
000 -LEADER
fixed length control field 00379nam a2200145Ia 4500
008 - FIXED-LENGTH DATA ELEMENTS--GENERAL INFORMATION
fixed length control field 240624s9999 xx 000 0 und d
041 ## - LANGUAGE CODE
Language code of text/sound track or separate title eng
082 ## - DEWEY DECIMAL CLASSIFICATION NUMBER
Classification number 658.3 BUD
100 ## - MAIN ENTRY--PERSONAL NAME
Personal name BUDHWAR PAWAN
245 ## - TITLE STATEMENT
Title INTERNATIONAL HUMAN RESOURCE MANAGEMENT
260 ## - PUBLICATION, DISTRIBUTION, ETC.
Date of publication, distribution, etc. 2009
Place of publication, distribution, etc. Los Angeles
Name of publisher, distributor, etc. Sage Publications
300 ## - PHYSICAL DESCRIPTION
Extent xxxv, : 393 : p. : cm. ; 24
365 ## - TRADE PRICE
Currency code BPS
Price amount 25
440 ## - SERIES STATEMENT/ADDED ENTRY--TITLE
Volume/sequential designation 1
Holdings
Withdrawn status Lost status Damaged status Not for loan Home library Current library Shelving location Date acquired Source of acquisition Cost, normal purchase price Full call number Barcode Date last seen Copy number Price effective from Koha item type
        IMTN IMTN Rack 24-B 09/08/2010 AP 600.00 658.3 BUD 15641 06/24/2024 75.7 06/24/2024 Books
Designed & Maintained by: LRC IMT Nagpur Contact: lrc@imtnag.ac.in© 2024. All Rights Reserved.